[Event "Najdorf-r01-m02"]
[Site "http://www.queenalice.com/game.php?id=302811"]
[Date "2007.11.12"]
[Round "-"]
[White "dilucia"]
[Black "Tads21"]
[Result "0-1"]
[WhiteElo "2333"]
[BlackElo "2338"]

1. e4 c5 2. Nf3 d6 3. d4 cxd4 4. Nxd4 Nf6 5. Nc3 a6 6. Be3 e6 7. g4 e5 8. Nf5 g6
9. g5 gxf5 10. exf5 d5 11. Qf3 d4 12. O-O-O Nbd7 13. Bd2 dxc3 14. Bxc3 Ng8 15.
Rg1 Qc7 16. Qg3 Ne7 17. Rxd7 Qxd7 18. Qxe5 Rg8 19. f6 Qe6 20. fxe7 Bxe7 21. Qxe6
Bxe6 22. f4 Bd6 23. Bd2 h6 24. h4 Bxa2 25. Bd3 O-O-O 26. h5 Bd5 27. g6 Bc5 28.
Rg3 Bd4 29. f5 Bg7 30. c4 Bc6 31. Ba5 Be5 0-1

[Event "Najdorf-r03-m03"]
[Site "http://www.queenalice.com/game.php?id=304175"]
[Date "2007.11.15"]
[Round "-"]
[White "Tads21"]
[Black "jlpbarreto"]
[Result "1-0"]
[WhiteElo "2350"]
[BlackElo "1973"]

1. e4 c5 2. Nf3 d6 3. d4 cxd4 4. Nxd4 Nf6 5. Nc3 a6 6. Be3 e5 7. Nf3 Be7 8. Bc4
O-O 9. O-O Be6 10. Bxe6 fxe6 11. Na4 Nbd7 12. Ng5 Qa5 13. c4 b5 14. Nc3 Nc5 15.
Bxc5 dxc5 16. Nxe6 Rfc8 17. Nd5 Ra7 18. f4 exf4 19. e5 Ne4 20. Qg4 Bf8 21. Qxf4
1-0

[Event "1 e4 c5 2 Na3 *"]
[Site "http://www.queenalice.com/game.php?id=310189"]
[Date "2007.11.26"]
[Round "3"]
[White "dilucia"]
[Black "Tads21"]
[Result "0-1"]
[WhiteElo "2370"]
[BlackElo "2379"]

1. e4 c5 2. Na3 Nc6 3. Nf3 g6 4. c3 Nf6 5. e5 Nd5 6. Qb3 Nb6 7. d4 cxd4 8. cxd4
Bg7 9. Nc4 O-O 10. Nxb6 Qxb6 11. Qxb6 axb6 12. Be2 d6 13. exd6 exd6 14. Be3 Nb4
15. Kd2 Be6 16. a3 Nc6 17. Rac1 Bd5 18. Rhd1 f5 19. g3 b5 20. Rc3 h6 21. h4 Kh8
22. b4 Rfe8 23. Kc1 Ne7 24. Nd2 Bc6 25. Bf3 Ra6 26. Re1 Kg8 27. Bf4 Bxd4 28. Rd3
Bxf2 29. Re2 Ba7 30. Bxh6 Kf7 31. Rxd6 Bb8 32. Rd3 Bxg3 33. Bg5 Bxf3 34. Rxf3
Bb8 35. Kd1 Nc6 36. Rxe8 Kxe8 37. Rd3 Kf7 38. Ke2 Ke6 39. Re3+ Kd5 40. Rd3+ Nd4+
41. Kf2 Ba7 42. Kg2 Rd6 43. Bf4 Rd7 44. Bg5 Ke6 45. Re3+ Kf7 46. Rd3 Rc7 47. Nf3
Nxf3 48. Kxf3 Ke6 0-1

[Event "Pedi para perder!!!"]
[Site "http://www.queenalice.com/game.php?id=310550"]
[Date "2007.11.26"]
[Round "-"]
[White "RJGF"]
[Black "Tads21"]
[Result "0-1"]
[WhiteElo "1779"]
[BlackElo "2335"]

1. d4 e5 2. dxe5 Ne7 3. Nc3 Nbc6 4. Nf3 Ng6 5. e6 fxe6 6. e4 Bb4 7. Bd2 O-O 8.
Be2 d6 9. a3 Bxc3 10. Bxc3 Nf4 11. Qd2 Nxg2+ 12. Kf1 Nh4 13. Rg1 e5 14. Qh6 Bh3+
15. Ke1 Ng2+ 16. Kd2 gxh6 0-1

[Event "Gosto de apanhar !!!"]
[Site "http://www.queenalice.com/game.php?id=312791"]
[Date "2007.11.30"]
[Round "-"]
[White "Tads21"]
[Black "RJGF"]
[Result "1-0"]
[WhiteElo "2336"]
[BlackElo "1873"]

1. e4 d6 2. d4 Nf6 3. Nc3 g6 4. f3 Bg7 5. Be3 O-O 6. Qd2 Nbd7 7. g4 e5 8. Nge2
a6 9. h4 Nb6 10. Ng3 exd4 11. Bxd4 Nfd7 12. Bxg7 Kxg7 13. h5 Ne5 14. Be2 Kg8 15.
hxg6 fxg6 16. f4 Nxg4 17. f5 gxf5 18. O-O-O f4 19. Nf5 Bxf5 20. exf5 Ne5 21.
Qxf4 Qf6 22. Rdf1 Rf7 23. Ne4 Qe7 24. f6 Qf8 25. Rfg1+ Kh8 26. Ng5 Ng6 27. Nxf7+
Qxf7 28. Rxg6 Qxg6 29. Bd3 Qf7 30. Qh6 Nd7 31. Qxh7+ Qxh7 32. Rxh7+ Kg8 33. f7+
Kf8 34. Rh8+ Kxf7 35. Rxa8 Nc5 36. Kd2 1-0

[Event "Dragon"]
[Site "http://www.queenalice.com/game.php?id=316280"]
[Date "2007.12.6"]
[Round "1"]
[White "clauberfm"]
[Black "Tads21"]
[Result "0-1"]
[WhiteElo "2200"]
[BlackElo "2367"]

1. c4 c6 2. Nf3 Nf6 3. d4 d5 4. Nc3 e6 5. cxd5 exd5 6. Bg5 Be7 7. Qc2 g6 8. Bxf6
Bxf6 9. e3 O-O 10. Bd3 Bg4 11. h3 Bxf3 12. gxf3 c5 13. dxc5 Qa5 14. O-O-O Qxc5
15. Be2 Rd8 16. e4 Bxc3 17. Qxc3 Qxf2 18. Bc4 d4 19. Rhf1 Qh2 20. Rxd4 Rxd4 21.
Qxd4 Nc6 22. Qf6 Ne5 23. Bb3 Rc8+ 24. Kb1 Rc6 25. Qe7 Kg7 26. h4 a5 27. h5 Qxh5
28. Rd1 Qh2 29. Rd8 Qg1+ 30. Rd1 Qc5 31. Qxb7 Rc7 32. Qd5 Nxf3 33. Qd3 Ne5 34.
Qe2 h5 35. Qd2 Nc4 36. Bxc4 Qxc4 37. Re1 h4 38. a3 h3 39. Ka1 Rc5 40. e5 Rd5 41.
Qh2 Qb3 42. Qe2 Rd3 43. Rc1 Rg3 44. Qf2 Qf3 45. Qc2 Rg2 46. Qb1 h2 47. e6 Qe3
0-1

[Event "AUTO-MASTER-239"]
[Site "http://www.queenalice.com/game.php?id=351777"]
[Date "2008.2.10"]
[Round "2"]
[White "jolufongonz"]
[Black "Tads21"]
[Result "0-1"]
[WhiteElo "2210"]
[BlackElo "2401"]

1. d4 Nf6 2. c4 e6 3. g3 d5 4. Bg2 Be7 5. Nf3 O-O 6. O-O Nbd7 7. Qc2 c5 8. Rd1
cxd4 9. Nxd4 dxc4 10. Qxc4 Ne5 11. Qb3 Bc5 12. Nc3 Neg4 13. Qc4 Bb6 14. e3 Ne5
15. Qe2 Qe7 16. b3 Rd8 17. Bb2 Ng6 18. Nc2 e5 0-1

[Event "AUTO-MASTER-239"]
[Site "http://www.queenalice.com/game.php?id=351778"]
[Date "2008.2.10"]
[Round "2"]
[White "Tads21"]
[Black "jolufongonz"]
[Result "1-0"]
[WhiteElo "2395"]
[BlackElo "2217"]

1. e4 Nf6 2. e5 Nd5 3. d4 d6 4. Nf3 Bg4 5. Be2 e6 6. c4 Nb6 7. Nc3 Be7 8. O-O
O-O 9. Be3 N8d7 10. b3 dxe5 11. Nxe5 Nxe5 12. Bxg4 Nxg4 13. Qxg4 Nd7 14. Bh6 Bf6
15. Rad1 Kh8 16. Bf4 c6 17. Ne4 Be7 18. Qg3 Qa5 19. Bd6 1-0

[Event "1 e4 c5 2 Na3 *"]
[Site "http://www.queenalice.com/game.php?id=365093"]
[Date "2008.3.3"]
[Round "4"]
[White "Tads21"]
[Black "Bruscato"]
[Result "1-0"]
[WhiteElo "2386"]
[BlackElo "2239"]

1. e4 c5 2. Na3 Nc6 3. Nf3 g6 4. c3 Bg7 5. d4 cxd4 6. cxd4 d6 7. d5 Ne5 8. Nxe5
Bxe5 9. Be2 Bd7 10. O-O Rc8 11. Qd3 a6 12. Be3 b5 13. Bd4 Qc7 14. Rac1 Qxc1 15.
Bxe5 f6 16. Bc3 Qh6 17. f4 Qg7 18. Qe3 Nh6 19. Qa7 Bg4 20. Bxg4 Nxg4 21. h3 Nh6
22. Qxa6 O-O 23. Qxb5 Ra8 24. Nc2 Rfb8 25. Qd7 Rxa2 26. Nd4 Qf7 27. g4 Rba8 28.
Nc6 Kf8 29. g5 Ng8 30. Nd4 Kg7 31. e5 R2a7 32. gxf6+ exf6 33. Ne6+ Kh6 34. Qxd6
Ne7 35. f5 1-0

[Event "Challenge"]
[Site "http://www.queenalice.com/game.php?id=390340"]
[Date "2008.4.19"]
[Round "-"]
[White "Drica"]
[Black "Tads21"]
[Result "0-1"]
[WhiteElo "1592"]
[BlackElo "2394"]

1. e4 e5 2. Qf3 Nc6 3. Bc4 Nf6 4. b3 Nd4 5. Qc3 Nxe4 6. Qd3 d5 7. Bb5+ c6 8. Ba4
Qf6 9. Nf3 Nc5 10. Qc3 Bg4 11. Nxd4 exd4 12. Qg3 Qe6+ 13. Qe3 dxe3 14. fxe3 Qf6
15. c3 Nd3# 0-1

[Event "Fischer Memorial"]
[Site "http://www.queenalice.com/game.php?id=418943"]
[Date "2008.6.17"]
[Round "2"]
[White "AndyWo"]
[Black "Tads21"]
[Result "1-0"]
[WhiteElo "2527"]
[BlackElo "2425"]

1. e4 c5 2. Nf3 d6 3. d4 cxd4 4. Nxd4 Nf6 5. Nc3 a6 6. Be2 e6 7. O-O Be7 8. f4
Nc6 9. Be3 O-O 10. a4 Qc7 11. Kh1 Re8 12. Bf3 Bd7 13. Nb3 Na5 14. Nxa5 Qxa5 15.
Qd3 Rad8 16. Rfd1 Rf8 17. Qd2 Qc7 18. a5 Rc8 19. e5 Ne8 20. exd6 Nxd6 21. Bb6
Qb8 22. Ne4 Rc6 23. Nc5 Be8 24. Bxc6 Bxc6 25. Qe2 Qc8 26. c4 h6 27. b4 Nf5 28.
Rd2 Nh4 29. Qg4 Nf5 30. Qh3 Qb8 31. Rf1 Bd6 32. Nd3 Be4 33. Qh5 Bxd3 34. Rxd3
Bxb4 35. c5 Ne7 36. Qd1 Nc6 37. Qa4 Rc8 38. g3 e5 39. Rb1 exf4 40. Rxb4 Nxb4 41.
Qxb4 Qe5 42. Qd2 fxg3 43. hxg3 Re8 44. Rd8 Qe4+ 45. Kh2 Rxd8 46. Bxd8 f5 47. Bc7
Kh7 48. Bf4 Qc4 49. Bd6 Qe4 50. Qb2 Qf3 51. Qa2 Qe4 52. Bf4 Qf3 53. Qc2 Qd5 54.
Be3 Qf3 55. Qd2 Qe4 56. Kg1 Qf3 57. Bf4 Qe4 58. Kf2 Qh1 59. Qd6 Qh2+ 60. Ke3
Qg1+ 61. Kd3 Qb1+ 62. Ke2 Qe4+ 63. Kf2 Qc2+ 64. Bd2 Qe4 65. Be1 Qc2+ 66. Kg1 Qe2
67. Bf2 Qe4 68. Qd7 Qb1+ 69. Kh2 Qe4 70. Qd8 Kg6 71. Qd1 Kh7 72. Qd6 Qc2 73. Qf4
Qd3 74. Qe5 Qc2 75. Kg2 Qd3 76. Bd4 Qd2+ 77. Kh3 Qg5 78. Qd5 Qg4+ 79. Kg2 h5 80.
Kf2 h4 81. gxh4 Qxh4+ 82. Ke3 Qg4 83. Bc3 f4+ 84. Kd2 f3 85. Qd4 Qg5+ 86. Kd3
Qg2 87. Ke3 Qe2+ 88. Kf4 Qg2 89. Be1 1-0

[Event "Najdorf-r07-m03"]
[Site "http://www.queenalice.com/game.php?id=422493"]
[Date "2008.6.24"]
[Round "-"]
[White "Tads21"]
[Black "Ivacir"]
[Result "1-0"]
[WhiteElo "2407"]
[BlackElo "1624"]

1. e4 c5 2. Nf3 d6 3. d4 cxd4 4. Nxd4 Nf6 5. Nc3 a6 6. Be3 e6 7. g4 h6 8. f3 b5
9. Qd2 Bb7 10. O-O-O Nbd7 11. h4 b4 12. Na4 Qa5 13. b3 Nc5 14. a3 1-0

[Event "Najdorf-r07-m09"]
[Site "http://www.queenalice.com/game.php?id=422570"]
[Date "2008.6.24"]
[Round "-"]
[White "m_2788"]
[Black "Tads21"]
[Result "0-1"]
[WhiteElo "2014"]
[BlackElo "2410"]

1. e4 c5 2. Nf3 d6 3. d4 cxd4 4. Nxd4 Nf6 5. Nc3 a6 6. Be2 e6 7. f4 Nbd7 8. O-O
Qb6 9. Kh1 Be7 10. Qd3 O-O 11. Nb3 Qc7 12. a4 b6 13. Bd2 Bb7 14. Rae1 Rfd8 15.
Qe3 d5 16. Bd3 dxe4 17. Nxe4 Nxe4 18. Bxe4 Bxe4 19. Qxe4 Nf6 20. Qf3 Qxc2 21.
Bc1 Rac8 22. Rf2 Qd3 23. Qxd3 Rxd3 24. Nd2 Bb4 25. Ref1 Ng4 26. Re2 Ne3 27. Rfe1
Nc2 28. Rf1 Nd4 29. Ref2 Rc2 30. Ne4 Ne2 0-1

[Event "Najdorf-r10-m02"]
[Site "http://www.queenalice.com/game.php?id=422571"]
[Date "2008.6.24"]
[Round "-"]
[White "marcosnatal"]
[Black "Tads21"]
[Result "0-1"]
[WhiteElo "2124"]
[BlackElo "2408"]

1. e4 c5 2. Nf3 d6 3. d4 cxd4 4. Nxd4 Nf6 5. Nc3 a6 6. Bg5 e6 7. f4 Nbd7 8. Qf3
Qc7 9. O-O-O b5 10. Bxb5 axb5 11. e5 Bb7 12. Ncxb5 Qb6 13. Qb3 dxe5 14. fxe5 Nd5
15. Nf5 exf5 16. Rxd5 Bxd5 17. Qxd5 Rc8 18. Re1 Qe6 19. Qb7 Qc6 20. Nd6+ Bxd6
21. exd6+ Kf8 22. Qxc6 Rxc6 23. b4 f6 24. Bf4 g5 25. Re7 gxf4 26. Rxd7 Ke8 27.
Re7+ Kd8 28. Ra7 Rg8 29. d7 Rxg2 0-1

[Event "Najdorf-r09-m03"]
[Site "http://www.queenalice.com/game.php?id=425667"]
[Date "2008.6.30"]
[Round "-"]
[White "Tads21"]
[Black "maxbtech"]
[Result "1-0"]
[WhiteElo "2405"]
[BlackElo "1534"]

1. e4 c5 2. Nf3 d6 3. d4 cxd4 4. Nxd4 Nf6 5. Nc3 a6 6. Be3 e5 7. Nf3 Be7 8. Bc4
O-O 9. O-O Nc6 10. h3 Be6 11. Bxe6 fxe6 12. Ng5 Qd7 13. Na4 Bd8 14. Qd3 h6 15.
Nf3 d5 16. exd5 exd5 17. Nc5 1-0

[Event "1 e4 c5 2 Na3 *"]
[Site "http://www.queenalice.com/game.php?id=435741"]
[Date "2008.7.19"]
[Round "5"]
[White "Tecodamara"]
[Black "Tads21"]
[Result "0-1"]
[WhiteElo "2472"]
[BlackElo "2411"]

1. e4 c5 2. Na3 Nc6 3. c3 Nf6 4. d3 d5 5. exd5 Nxd5 6. g3 Bf5 7. Bg2 e5 8. Nc4
Qd7 9. Nf3 f6 10. O-O O-O-O 11. Ne1 h5 12. h4 Be7 13. a4 g5 14. hxg5 h4 15. gxf6
Bxf6 16. a5 Bg4 17. Qa4 Rdg8 18. a6 b6 19. f4 Bh3 20. fxe5 Bxg2 21. Nxg2 Be7 22.
Bf4 hxg3 23. Rf3 Rh1+ 0-1

[Event "Challenge"]
[Site "http://www.queenalice.com/game.php?id=468403"]
[Date "2008.9.25"]
[Round "-"]
[White "Bergman"]
[Black "Tads21"]
[Result "1-0"]
[WhiteElo "2493"]
[BlackElo "2432"]

1. d4 Nf6 2. c4 e6 3. Nc3 Bb4 4. a3 Bxc3+ 5. bxc3 c5 6. e3 b6 7. Bd3 O-O 8. Ne2
Bb7 9. O-O d6 10. Qc2 d5 11. cxd5 Qxd5 12. Nf4 Qc6 13. f3 cxd4 14. cxd4 Qxc2 15.
Bxc2 Rc8 16. Ba4 Bc6 17. Bb3 Bb5 18. Rf2 Nbd7 19. e4 Bc4 20. Bd1 Rd8 21. Bb2 b5
22. a4 a6 23. Bc3 g5 24. Nh3 h6 25. Rc1 Rdc8 26. Rb2 Nb6 27. Bd2 Bd3 28. Rxc8+
Rxc8 29. Nf2 Bc4 30. axb5 Bxb5 31. Rc2 Rc4 32. h4 gxh4 33. Bxh6 Nfd7 34. Be3 Rb4
35. Rc1 a5 36. Bd2 Rxd4 37. Bxa5 Nc4 38. Bc3 Rd6 39. Rb1 Ba6 40. Ra1 Nce5 41.
Ra5 f6 42. Ba4 Kf7 43. Kh2 Nc4 44. Rh5 Ndb6 45. Bb3 Nd2 46. e5 fxe5 47. Bc2 Nf1+
48. Kh3 Ne3 49. Bxe5 Rd7 50. Be4 Bf1 51. Rxh4 Rd2 52. Rh7+ Kf8 53. Bf4 Rxf2 54.
Bh6+ Kg8 55. Rg7+ Kh8 56. Bxe3 Kxg7 57. Bxf2 Nc4 58. Be1 Kf6 59. Kg3 Nd6 60. Bb1
Nb5 61. Ba2 Bd3 62. Kf4 e5+ 63. Ke3 Bg6 64. Ba5 Ke7 65. Bd5 Nd6 66. Bb4 Kd7 67.
Bb3 Nf5+ 68. Kf2 Nd4 69. Bd5 Ne6 70. g3 Nc7 71. Bb3 Kc6 72. Bc3 Kd6 73. Bb2 Nd5
74. Bc1 e4 75. f4 Bf5 76. Bd1 Nc3 77. Bh5 Nd5 78. Bb2 1-0

[Event "Dragon"]
[Site "http://www.queenalice.com/game.php?id=486909"]
[Date "2008.11.2"]
[Round "3"]
[White "Tads21"]
[Black "gbsalvio"]
[Result "1/2-1/2"]
[WhiteElo "2430"]
[BlackElo "2508"]

1. d4 b6 2. c4 e6 3. Nf3 Bb7 4. a3 g6 5. Nc3 Bg7 6. e4 d6 7. Bd3 Ne7 8. Be3 Nd7
9. Qd2 h6 10. d5 e5 11. O-O-O a6 12. Rhe1 1/2-1/2